[Event "SLO-chT U16"]
[Site "Murska Sobota"]
[Date "2018.05.12"]
[Round "2"]
[White "Jersic, Aleks"]
[Black "Menciger Kocbek, Nino"]
[Result "1/2-1/2"]
[WhiteElo "1685"]
[BlackElo "1323"]
[PlyCount "40"]
[EventDate "2018.05.11"]
[EventType "team-swiss"]
[EventRounds "5"]
[EventCountry "SLO"]
[SourceTitle "EXT 2020"]
[Source "ChessBase"]
[SourceDate "2019.10.17"]
[SourceVersion "1"]
[SourceVersionDate "2019.10.17"]
[SourceQuality "1"]

1. e4 e5 2. Nf3 Nc6 3. Bc4 Bc5 4. b4 Bxb4 5. c3 Ba5 6. d4 exd4 7. 0-0 Nge7 8. cxd4 d5 9. exd5 Nxd5 10. Qb3 Be6 11. Qxb7 Ndb4 12. Bxe6 Rb8 13. Bxf7+ Kxf7 14. Ne5+ Nxe5 15. Qe4 Ng6 16. Qf5+ Qf6 17. Qd7+ Qe7 18. Qf5+ Qf6 19. Qd7+ Qe7 20. Qf5+ Qf6 1/2-1/2

[Event "SLO-ch U12"]
[Site "Ptuj"]
[Date "2017.03.02"]
[Round "8"]
[White "Menciger Kocbek, Nino"]
[Black "Bizjak, Anej"]
[Result "1/2-1/2"]
[WhiteElo "1696"]
[BlackElo "1176"]
[PlyCount "110"]
[EventDate "2017.02.27"]
[EventType "swiss"]
[EventRounds "9"]
[EventCountry "SLO"]
[SourceTitle "CBM 177 Extra"]
[Source "ChessBase"]
[SourceDate "2017.04.27"]
[SourceVersion "1"]
[SourceVersionDate "2017.04.27"]
[SourceQuality "1"]

1. e4 c5 2. Nf3 d6 3. d4 cxd4 4. Nxd4 Nf6 5. Nc3 a6 6. f3 e5 7. Nb3 Be6 8. Be3 Be7 9. Qd2 0-0 10. 0-0-0 h6 11. g4 Nh7 12. Nd5 Bxd5 13. Qxd5 Nc6 14. Qd2 Rc8 15. Kb1 Re8 16. Bd3 Nf8 17. Rhg1 Ne6 18. Bc4 Ncd4 19. Nxd4 Rxc4 20. Nxe6 fxe6 21. g5 g6 22. gxh6 Kh7 23. Rg2 Rc8 24. Rdg1 Rg8 25. Bg5 Bxg5 26. Rxg5 Qe7 27. a3 Rcd8 28. Qe3 Qf6 29. R5g3 Rd7 30. Qd2 d5 31. Ka2 Qf7 32. Qe3 Qf4 33. Qb6 dxe4 34. Qxe6 Qf7 35. Qxf7+ Rxf7 36. fxe4 Rf4 37. Rc3 Kxh6 38. Re1 Rf2 39. h3 Re8 40. Rc7 b5 41. Rc6 a5 42. Rb6 b4 43. axb4 axb4 44. Rxb4 Rxc2 45. Kb1 Rg2 46. Rh1 Rf8 47. Rb5 Rg5 48. h4 Rh5 49. Kc2 Rf4 50. Kd3 Kg7 51. Rc5 Rf3+ 52. Ke2 Rg3 53. b4 Ra3 54. b5 Rb3 55. Kd2 Kf7 1/2-1/2

[Event "SLO-ch U12"]
[Site "Ptuj"]
[Date "2017.03.02"]
[Round "7"]
[White "Menciger Kocbek, Nino"]
[Black "Siraj, Svit"]
[Result "1-0"]
[WhiteElo "1696"]
[BlackElo "1475"]
[PlyCount "69"]
[EventDate "2017.02.27"]
[EventType "swiss"]
[EventRounds "9"]
[EventCountry "SLO"]
[SourceTitle "CBM 177 Extra"]
[Source "ChessBase"]
[SourceDate "2017.04.27"]
[SourceVersion "1"]
[SourceVersionDate "2017.04.27"]
[SourceQuality "1"]

1. e4 c5 2. Nf3 d6 3. d4 cxd4 4. Nxd4 Nc6 5. Nc3 g6 6. Be3 Bg7 7. Qd2 Nf6 8. f3 0-0 9. Nb3 Be6 10. Bh6 Ne5 11. Bxg7 Kxg7 12. 0-0-0 Rc8 13. h4 Rc6 14. Kb1 Qc7 15. Rc1 Ra8 16. Bd3 a5 17. Qe2 Nxd3 18. Qxd3 a4 19. Nd4 Rc4 20. Nxe6+ fxe6 21. Ne2 b5 22. Nd4 Qd7 23. g4 e5 24. Ne2 Ne8 25. g5 Nc7 26. h5 Na6 27. h6+ Kg8 28. Qd5+ e6 29. Qxa8+ Qc8 30. Qxc8+ Rxc8 31. Nc3 Rc5 32. Rcd1 Nb8 33. Rxd6 Kf7 34. Rb6 Nd7 35. Rxb5 1-0

[Event "SLO-ch U12"]
[Site "Ptuj"]
[Date "2017.03.01"]
[Round "5"]
[White "Menciger Kocbek, Nino"]
[Black "Zlatanovic, Marcus"]
[Result "0-1"]
[WhiteElo "1696"]
[BlackElo "1379"]
[PlyCount "134"]
[EventDate "2017.02.27"]
[EventType "swiss"]
[EventRounds "9"]
[EventCountry "SLO"]
[SourceTitle "CBM 177 Extra"]
[Source "ChessBase"]
[SourceDate "2017.04.27"]
[SourceVersion "1"]
[SourceVersionDate "2017.04.27"]
[SourceQuality "1"]

1. e4 c5 2. Nf3 a6 3. d4 cxd4 4. Nxd4 Nf6 5. Nc3 e5 6. Nb3 Bb4 7. Bd2 Bxc3 8. Bxc3 Nxe4 9. Bxe5 Qe7 10. Qd4 Ng5 11. 0-0-0 Nc6 12. Qd2 Nxe5 13. f4 Ne4 14. Qd5 Nf6 15. Qxe5 Qxe5 16. fxe5 Ne4 17. Re1 Ng5 18. h4 Ne6 19. Bc4 0-0 20. Rhf1 Rb8 21. Rf2 b5 22. Bd5 Bb7 23. Bxe6 fxe6 24. Ree2 Rbc8 25. g3 Bd5 26. Rd2 Rxf2 27. Rxf2 Bxb3 28. axb3 Rc5 29. Rd2 Rd5 30. c3 Kf7 31. c4 Rxd2 32. Kxd2 bxc4 33. bxc4 Kg6 34. Ke3 Kf5 35. Kd4 a5 36. g4+ Kf4 37. h5 g6 38. h6 a4 39. g5 Kf5 40. Kc3 Kxe5 41. Kb4 Kd4 42. Kxa4 Kxc4 43. b3+ Kc5 44. b4+ Kb6 45. b5 e5 46. Kb4 d5 47. Kc3 Kxb5 48. Kd3 Kc5 49. Ke3 Kd6 50. Kd3 Ke6 51. Kc3 Kf5 52. Kb4 e4 53. Kc3 Kxg5 54. Kd4 Kxh6 55. Kxd5 e3 56. Ke6 e2 57. Kd5 e1Q 58. Kd4 Qe2 59. Kd5 Qe3 60. Kd6 Qe4 61. Kd7 Qe5 62. Kd8 Qg7 63. Ke8 Kg5 64. Kd8 Kf6 65. Kc8 Qa7 66. Kd8 Qb7 67. Ke8 Qe7# 0-1

[Event "SLO-ch U12"]
[Site "Ptuj"]
[Date "2017.02.28"]
[Round "4"]
[White "Toplisek, Maj"]
[Black "Menciger Kocbek, Nino"]
[Result "0-1"]
[WhiteElo "1242"]
[BlackElo "1696"]
[PlyCount "46"]
[EventDate "2017.02.27"]
[EventType "swiss"]
[EventRounds "9"]
[EventCountry "SLO"]
[SourceTitle "CBM 177 Extra"]
[Source "ChessBase"]
[SourceDate "2017.04.27"]
[SourceVersion "1"]
[SourceVersionDate "2017.04.27"]
[SourceQuality "1"]

1. e4 e5 2. Nf3 Nc6 3. Bb5 a6 4. Ba4 Nge7 5. 0-0 g6 6. c3 Bg7 7. d4 exd4 8. cxd4 b5 9. Bc2 0-0 10. Re1 d6 11. Be3 Bg4 12. Nbd2 Nxd4 13. Bxd4 Bxd4 14. h3 Bxf3 15. Nxf3 Bxb2 16. Rb1 Bg7 17. Qd3 c5 18. Rbd1 Nc8 19. Bb1 Qe7 20. h4 h5 21. e5 dxe5 22. Nxe5 Bxe5 23. f4 Bd4+ 0-1

[Event "SLO-ch U12"]
[Site "Ptuj"]
[Date "2017.02.27"]
[Round "2"]
[White "Okorn, Filip"]
[Black "Menciger Kocbek, Nino"]
[Result "1-0"]
[WhiteElo "1096"]
[BlackElo "1696"]
[PlyCount "45"]
[EventDate "2017.02.27"]
[EventType "swiss"]
[EventRounds "9"]
[EventCountry "SLO"]
[SourceTitle "CBM 177 Extra"]
[Source "ChessBase"]
[SourceDate "2017.04.27"]
[SourceVersion "1"]
[SourceVersionDate "2017.04.27"]
[SourceQuality "1"]

1. e4 e5 2. Nf3 Nc6 3. Bb5 a6 4. Bxc6 dxc6 5. 0-0 Qf6 6. Nc3 Bd7 7. h3 0-0-0 8. d3 h6 9. Be3 Be7 10. Ne2 Re8 11. Ng3 g6 12. c4 Bd8 13. b4 Qg7 14. a4 Nf6 15. Qb3 b6 16. b5 a5 17. bxc6 Bxc6 18. Rfb1 Nd7 19. c5 Kb7 20. cxb6 cxb6 21. Qc3 Ka6 22. Qxc6 Re7 23. Qa8# 1-0